Atlantide, l'empire perdu - Personnages [avec image] - Statistiques

Statistiques générales
  • Ce quiz a été pris 24 fois
  • Le résultat moyen est 7 sur 13
Statistiques - réponses
Par images Réponse % Correct
Milo Thatch
95%
Gaëtan Molière
82%
Kida Nedakh
82%
Amadou Gentil
64%
Madame Placard
64%
Audrey Ramirez
55%
Cookie
45%
Thaddeus Thatch
45%
Vincenzo Santorini
41%
Helga Sinclair
36%
Kashekim Nedakh
36%
Lyle Tiberius Rourke
32%
Preston B.Whitemore
23%
Aucun quiz correspondant
Distribution des résultats
% des personnes avec chaque résultat
Percentile par nombre de réponses
Votre historique - résultats
Vous n’avez pas pris ce quiz